000 00564nam a2200217Ia 4500
003 OSt
005 20250630091828.0
008 210423s1978 xx 000 0 und d
040 _cAL
041 _aeng
082 _a010
_223
_bSATK
100 _aSathyaprakash
_9105782
245 _aKarnataka: a selected bibliography
260 _aHaryana
_bIndian Documentation Service
_c1978
300 _bPB
365 _b65
_cINR
650 _aBibliography
_9105783
650 _aGeneral
_9105784
906 _abibliography. ; Karnataka: ; selected
942 _2ddc
_cBK
999 _c172249
_d172249